|
|
|
|
| LEADER |
00000nam a2200000 a 4500 |
| 001 |
vtls001353691 |
| 003 |
SK-MaSNL |
| 005 |
20260301114901.0 |
| 008 |
251124s1998 xo b 0 000 slo |
| 015 |
|
|
|a SNBSAB1998-00067
|
| 020 |
|
|
|a 8085136058
|q (brož.)
|
| 035 |
|
|
|a SNK000307111
|
| 035 |
|
|
|a urn:nbn:sk:snk-amkisx
|
| 035 |
|
|
|a urn:nbn:sk:snk-am003aut
|
| 035 |
|
|
|a 0B18CC2D-13DE-4EAD-A5BF-CC4B5EBEFC48
|
| 040 |
|
|
|a SNK
|b slo
|c SNK
|e AACR2
|
| 041 |
0 |
|
|a slo
|
| 044 |
|
|
|a xo
|c SK
|
| 072 |
|
7 |
|a 821.162.4.09
|x Slovenská literatúra (o nej)
|2 konspekt
|
| 245 |
0 |
0 |
|a Súčasní regionálni autori
|b výberová regionálna bibliografia
|c [zostavila: Soňa Pašková, Elena Matisková]
|
| 260 |
|
|
|a Vo Zvolene
|b Krajská štátna knižnica Ľudovíta Štúra
|c 1998
|
| 300 |
|
|
|a 42 s.
|c 21x30 cm
|
| 366 |
|
|
|e 70 ks
|
| 650 |
0 |
7 |
|a slovenskí spisovatelia
|2 SNKPH
|9 1258
|
| 650 |
0 |
7 |
|a regionálna literatúra
|z Zvolen (Slovensko : okolie)
|2 SNKPH
|9 459014
|
| 650 |
0 |
7 |
|a Slovak authors
|z Zvolen (Slovakia : region)
|2 SNKPHeng
|9 459015
|
| 650 |
0 |
7 |
|a Regional literature
|z Zvolen (Slovakia : region)
|2 SNKPHeng
|9 459016
|
| 655 |
|
7 |
|a regionálne bibliografie
|2 SNKPH
|9 70484
|
| 655 |
|
7 |
|a biografie
|2 SNKPH
|9 27965
|
| 655 |
|
7 |
|a Regional bibliographies
|2 SNKPHeng
|9 265209
|
| 655 |
|
7 |
|a Biography
|2 SNKPHeng
|9 266314
|
| 700 |
1 |
|
|a Pašková, Soňa
|4 com
|9 266478
|
| 700 |
1 |
|
|a Matisková, Elena,
|d 1960-
|4 com
|9 113830
|
| 852 |
|
|
|a Štátna vedecká knižnica v Banskej Bystrici
|
| 919 |
|
|
|a 80-85136-05-8
|
| 958 |
|
|
|a RM
|
| 958 |
|
|
|a SF
|
| 958 |
|
|
|a BX
|
| 999 |
|
|
|c 720113
|d 722043
|
| 952 |
|
|
|t P60, <09>, [BOOK], {629}
|a SNK
|b SNK
|y NEVYP
|7 0
|o snkB 21
|i snk120/990201
|0 0
|1 0
|4 0
|d 1999-01-29
|l 0
|r 2005-01-02 00:00:00
|w 2026-02-23
|
| 952 |
|
|
|t P60, <03>, [BOOK], {603}
|a SNK
|b SNK
|y PREZ
|7 0
|p 17A0179806
|o snkSC 97713
|i snkKSP 956/99
|0 0
|1 0
|4 0
|d 1999-01-29
|f 1
|l 0
|r 2025-09-17 00:00:00
|w 2026-02-23
|
| 952 |
|
|
|t P60, <04>, [BOOK], {604}
|a SNK
|b SNK
|y VYP
|7 0
|p 17A0179807
|o snkSC 97713 D1
|i snkKSP 957/99
|0 0
|1 0
|4 0
|d 1999-01-29
|l 0
|r 2005-01-02 00:00:00
|w 2026-02-23
|